Statistics for ALL Louisiana Cities

Click here to take the quiz!

General Stats

  • This quiz has been taken 6 times
  • The average score is 112 of 304

Answer Stats

CountyMunicipality% Correct
AVermilionAbbeville
100%
ARapidesAlexandria
100%
BEast Baton RougeBaton Rouge
100%
BBossierBossier City
100%
LLafayetteLafayette
100%
LCalcasieuLake Charles
100%
LLivingstonLivingston
100%
MOuachitaMonroe
100%
NNatchitochesNatchitoches
100%
NOrleansNew Orleans
100%
RLincolnRuston
100%
SBossier, CaddoShreveport
100%
SSt. TammanySlidell
100%
SCalcasieuSulphur
100%
ZEast Baton RougeZachary
100%
BEast Baton RougeBaker
80%
BMorehouseBastrop
80%
BSt. MartinBreaux Bridge
80%
DBeauregard, VernonDeRidder
80%
FSt. MaryFranklin
80%
GAscensionGonzales
80%
GLincolnGrambling
80%
HTangipahoaHammond
80%
HTerrebonneHouma
80%
JEast FelicianaJackson
80%
KJeffersonKenner
80%
MWebsterMinden
80%
NIberiaNew Iberia
80%
OWest CarrollOak Grove
80%
OSt. LandryOpelousas
80%
RMadisonRichmond
80%
SLivingstonSpringfield
80%
TLafourcheThibodaux
80%
WOuachitaWest Monroe
80%
WWinnWinnfield
80%
AWest Baton RougeAddis
60%
ATangipahoaAmite City
60%
ABienvilleArcadia
60%
BBossierBenton
60%
BBienvilleBienville
60%
BWashingtonBogalusa
60%
CLafayetteCarencro
60%
CEast Baton RougeCentral
60%
CEast FelicianaClinton
60%
CGrantColfax
60%
CCaldwellColumbia
60%
CSt. TammanyCovington
60%
CAcadiaCrowley
60%
DLivingstonDenham Springs
60%
EAllenElizabeth
60%
FUnionFarmerville
60%
FConcordiaFerriday
60%
GGrantGeorgetown
60%
GJeffersonGretna
60%
HClaiborneHaynesville
60%
HSt. MartinHenderson
60%
JJacksonJonesboro
60%
LEast CarrollLake Providence
60%
LVernonLeesville
60%
MSt. TammanyMandeville
60%
MSabineMany
60%
MRed RiverMartin
60%
MMorehouseMer Rouge
60%
PRapidesPineville
60%
PIbervillePlaquemine
60%
RRichlandRayville
60%
SLafayetteScott
60%
TMadisonTallulah
60%
VConcordiaVidalia
60%
VLincolnVienna
60%
WLivingstonWalker
60%
WSt. LandryWashington
60%
WFranklinWinnsboro
60%
ASt. TammanyAbita Springs
40%
ASt. Landry, St. MartinArnaudville
40%
ANatchitochesAshland
40%
AWinnAtlanta
40%
BSt. MaryBaldwin
40%
BRapidesBall
40%
BFranklinBaskin
40%
BUnionBernice
40%
BRapidesBoyce
40%
BLafayette, St. MartinBroussard
40%
BAvoyellesBunkie
40%
CJacksonChatham
40%
CLincolnChoudrant
40%
CRed RiverCoushatta
40%
CGrantCreola
40%
DRichlandDelhi
40%
DAscensionDonaldsonville
40%
DLincoln, UnionDownsville
40%
DGrantDry Prong
40%
DLincolnDubach
40%
EWest CarrollEpps
40%
EJacksonEros
40%
FWest CarrollForest
40%
FRapidesForest Hill
40%
FWashingtonFranklinton
40%
GBienvilleGibsland
40%
GCaddoGreenwood
40%
HBossierHaughton
40%
HJacksonHodge
40%
HClaiborneHomer
40%
IAcadiaIota
40%
ICalcasieuIowa
40%
JIberiaJeanerette
40%
JLa SalleJena
40%
JJefferson DavisJennings
40%
JCatahoulaJonesville
40%
KTangipahoaKentwood
40%
KWest CarrollKilbourne
40%
KAllenKinder
40%
KSt. LandryKrotz Springs
40%
LPointe CoupeeLivonia
40%
MSt. TammanyMadisonville
40%
MRichlandMangham
40%
MUnionMarion
40%
MGrantMontgomery
40%
MSt. HelenaMontpelier
40%
MSt. Martin, St. MaryMorgan City
40%
NTensasNewellton
40%
NPointe CoupeeNew Roads
40%
NSabineNoble
40%
OAllenOakdale
40%
OAllenOberlin
40%
OLa SalleOlla
40%
PBossierPlain Dealing
40%
PGrantPollock
40%
PTangipahoaPonchatoula
40%
PSt. LandryPort Barre
40%
QJacksonQuitman
40%
RAcadiaRayne
40%
ROuachitaRichwood
40%
SBienvilleSaline
40%
SAvoyellesSimmesport
40%
SLincolnSimsboro
40%
SEast FelicianaSlaughter
40%
SUnionSpearsville
40%
SWebsterSpringhill
40%
SOuachitaSterlington
40%
SWest FelicianaSt. Francisville
40%
SSt. MartinSt. Martinville
40%
TTangipahoaTangipahoa
40%
WTensasWaterproof
40%
WRapidesWoodworth
40%
YLafayetteYoungsville
40%
ZSabineZwolle
40%
ALivingstonAlbany
20%
AVernonAnacoco
20%
AWashingtonAngie
20%
AClaiborneAthens
20%
BAcadia, EvangelineBasile
20%
BCaddoBelcher
20%
BCaddoBlanchard
20%
BMorehouseBonita
20%
BWest Baton RougeBrusly
20%
BBienvilleBryceland
20%
CWinnCalvin
20%
CNatchitochesCampti
20%
CSt. LandryCankton
20%
CBienvilleCastor
20%
CEvangelineChataignier
20%
CRapidesCheneyville
20%
CAcadiaChurch Point
20%
CNatchitochesClarence
20%
CCaldwellClarks
20%
CConcordiaClayton
20%
CMorehouseCollinston
20%
CSabineConverse
20%
CAvoyellesCottonport
20%
CWebsterCotton Valley
20%
CWebsterCullen
20%
DIberia, VermilionDelcambre
20%
DMadisonDelta
20%
DCalcasieuDeQuincy
20%
DWebsterDixie Inn
20%
DWinnDodson
20%
DWebsterDoyline
20%
DWebsterDubberly
20%
DAcadia, LafayetteDuson
20%
ERed RiverEdgefield
20%
EJefferson DavisElton
20%
EVermilionErath
20%
EAcadiaEstherwood
20%
EAcadia, St. LandryEunice
20%
EAvoyellesEvergreen
20%
FJefferson DavisFenton
20%
FSabineFlorien
20%
FSt. TammanyFolsom
20%
FPointe CoupeeFordoche
20%
FLivingstonFrench Settlement
20%
GFranklinGilbert
20%
GCaddoGilliam
20%
GRapidesGlenmora
20%
GLafourcheGolden Meadow
20%
GNatchitochesGoldonna
20%
GSt. JamesGramercy
20%
GDe SotoGrand Cane
20%
GSt. LandryGrand Coteau
20%
GJeffersonGrand Isle
20%
GCaldwellGrayson
20%
GSt. HelenaGreensburg
20%
GIbervilleGrosse Tete
20%
GVermilionGueydan
20%
HRed RiverHall Summit
20%
HCatahoulaHarrisonburg
20%
HWebsterHeflin
20%
HAvoyellesHessmer
20%
HVernonHornbeck
20%
HCaddoHosston
20%
ICaddoIda
20%
ITangipahoaIndependence
20%
JBienvilleJamestown
20%
JJeffersonJean Lafitte
20%
JClaiborne, UnionJunction City
20%
KVermilionKaplan
20%
KDe SotoKeachi
20%
KLivingstonKillian
20%
LJefferson DavisLake Arthur
20%
LRapidesLecompte
20%
LSt. LandryLeonville
20%
LUnionLillie
20%
LClaiborneLisbon
20%
LLafourcheLockport
20%
LDe SotoLogansport
20%
LDe SotoLongstreet
20%
LIberiaLoreauville
20%
LBienvilleLucky
20%
MEvangelineMamou
20%
MAvoyellesMansura
20%
MIbervilleMaringouin
20%
MAvoyellesMarksville
20%
MVermilionMaurice
20%
MAcadiaMermentau
20%
MBeauregardMerryville
20%
MCaddoMooringsport
20%
MAvoyellesMoreauville
20%
MPointe CoupeeMorganza
20%
MAcadiaMorse
20%
MBienvilleMount Lebanon
20%
NNatchitochesNatchez
20%
NVernonNew Llano
20%
NJacksonNorth Hodge
20%
OCaddoOil City
20%
PSt. LandryPalmetto
20%
PSt. MartinParks
20%
PSt. TammanyPearl River
20%
PEvangelinePine Prairie
20%
PWest CarrollPioneer
20%
PAvoyellesPlaucheville
20%
PSabinePleasant Hill
20%
PWest Baton RougePort Allen
20%
PLivingstonPort Vincent
20%
PNatchitochesPowhatan
20%
PNatchitochesProvencal
20%
RAllenReeves
20%
RConcordiaRidgecrest
20%
RBienvilleRinggold
20%
RNatchitochesRobeline
20%
RCaddoRodessa
20%
RIbervilleRosedale
20%
RVernonRosepine
20%
SWebsterSarepta
20%
SWebsterShongaloo
20%
SWebsterSibley
20%
SCatahoulaSicily Island
20%
SWinnSikes
20%
SVernonSimpson
20%
SAscensionSorrento
20%
SDe SotoSouth Mansfield
20%
SDe SotoStanley
20%
STensasSt. Joseph
20%
SDe SotoStonewall
20%
SSt. TammanySun
20%
SSt. LandrySunset
20%
TTangipahoaTickfaw
20%
TLa Salle, WinnTullos
20%
TEvangelineTurkey Creek
20%
ULa SalleUrania
20%
VWashingtonVarnado
20%
VEvangelineVille Platte
20%
VCalcasieuVinton
20%
VCaddoVivian
20%
WJefferson DavisWelsh
20%
WJeffersonWestwego
20%
WIbervilleWhite Castle
20%
WEast FelicianaWilson
20%
WFranklinWisner
20%
BSt. MaryBerwick
0%
EJacksonEast Hodge
0%
FSabineFisher
0%
HJeffersonHarahan
0%
LSt. JamesLutcher
0%
MDe SotoMansfield
0%
MRapidesMcNary
0%
MSt. LandryMelville
0%
MMadisonMound
0%
NAssumptionNapoleonville
0%
NEast FelicianaNorwood
0%
OMorehouseOak Ridge
0%
PSt. MaryPatterson
0%
RTangipahoaRoseland
0%
SIbervilleSt. Gabriel
0%
WCalcasieuWestlake
0%

Score Distribution

Percentile by Number Answered

Percent of People with Each Score

Your Score History

You have not taken this quiz